000 00598nam a22002171i 4500
001 bimo0001407950
003 OSt
005 20151007110315.0
008 960722s1981 sp spa
020 _a84-320-5378-3
040 _cBMC
082 _a863
100 1 _aSalas y Guirior, José
_936599
245 1 3 _aUn viento que pasa
_b: novela
_cJosé Salas y Guiror
250 _a4ª ed
260 _aBarcelona
_bPlaneta
_c1981
300 _a412 p., 1 h.
_c19 cm
490 0 _aAutores españoles e hispanoamericanos
650 2 4 _929289
_aNovela española
942 _2ddc
_cBK
_hprozim
999 _c22746
_d22746